US States Containing the Letter D - Statistics

General Stats
  • This quiz has been taken 330 times
  • The average score is 9 of 10
Answer Stats
Answer % Correct
Delaware
97%
North Dakota
97%
South Dakota
97%
Florida
94%
Idaho
93%
Rhode Island
93%
Maryland
91%
Indiana
90%
Colorado
89%
Nevada
89%
No matching quizzes found
Score Distribution
Percent of People with Each Score
Percentile by Number Answered
Your Score History
You have not taken this quiz